Anecdotes of the Great (Record no. 1010837)

MARC details
000 -LEADER
fixed length control field 00418nam a2200169Ia 4500
008 - FIXED-LENGTH DATA ELEMENTS--GENERAL INFORMATION
fixed length control field 151018s9999 xx 000 0 und d
082 ## - DEWEY DECIMAL CLASSIFICATION NUMBER
Item number RBASDV8473
Classification number 824
100 ## - MAIN ENTRY--PERSONAL NAME
Personal name J. Maurus
245 ## - TITLE STATEMENT
Title Anecdotes of the Great
260 ## - PUBLICATION, DISTRIBUTION, ETC. (IMPRINT)
Name of publisher, distributor, etc St Paul Pub.
Date of publication, distribution, etc 1959
300 ## - PHYSICAL DESCRIPTION
Extent 175
600 ## - SUBJECT ADDED ENTRY--PERSONAL NAME
Personal name J. Maurus
630 ## - SUBJECT ADDED ENTRY--UNIFORM TITLE
Uniform title Anecdotes of the Great
700 ## - ADDED ENTRY--PERSONAL NAME
Personal name J. Maurus
730 ## - ADDED ENTRY--UNIFORM TITLE
Uniform title Anecdotes of the Great
942 ## - ADDED ENTRY ELEMENTS (KOHA)
Koha item type Book
Holdings
Withdrawn status Lost status Damaged status Not for loan Home library Current library Date acquired Cost, normal purchase price Total Checkouts Full call number Barcode Date last seen Cost, replacement price Price effective from Koha item type
        R.B. Anant Shivaji Desai Vachanalaya and Granthalaya, Kudal R.B. Anant Shivaji Desai Vachanalaya and Granthalaya, Kudal 05/29/1974 16.00   RBASDV8473 RBASDV8473 10/18/2015 16.00 10/18/2015 Book